Geometry Dash - Extreme Demons Starting with H (Pre-2.2) - Statistics

General Stats
  • This quiz has been taken 87 times
    18 since last reset
  • The average score is 15 of 37
Answer Stats
Publisher Answer % Correct
SyQual The {Hallucination}
88%
Stormfly The {Hell World}
88%
Havok The {Hell Bird}
75%
Stormfly The {Hell Origin}
75%
BIANOX HURRICANE
63%
TeamN2 The {Hell Factory}
63%
TheLasaga The {Hell Nutz}
63%
Stormfly The {Hell Zone}
63%
komp Hard Machine
50%
GD Iris Hateful Reflection
50%
AZuLer4 Hatred
50%
KrmaL Heartbeat
50%
Nico99 Heat Wave
50%
stcubing hot rod
50%
ViPriN HyperSonic
50%
Stormfly The {Hell Dignity}
50%
Stormfly The {Hell Field}
50%
Stormfly The {Hell Inferno}
50%
Derpskull Heart Attack
38%
Canonlaw Helios
38%
llertt help
38%
ASBCHazel Hidden in the Sand
38%
Shrc Horros
38%
Xyriak Hydraulic Overdrive
38%
iIiViRuZiIi Hyper Paracosm
38%
ItsHybrid Hyper Paradox
38%
notlsa Halberd
25%
TMco Heavens Door
25%
MaxyLAND Hydratic
25%
MercuryDT Hyperchaos
25%
GoldSource HELIX
13%
LEOPUS Helix
13%
PLoLek Henken
13%
KuraiYonaka Hardry
0%
oleki Hazy Memories
0%
pocke headlock
0%
J27Blaze Hopping Over Puddles
0%
No matching quizzes found
Score Distribution
Percent of People with Each Score
Percentile by Number Answered
Your Score History
You have not taken this quiz since the last reset